| 000 | 00845nam a22002897a 4500 | ||
|---|---|---|---|
| 003 | CHAP | ||
| 005 | 20220329133207.0 | ||
| 008 | 971013s1987 r 00010 d | ||
| 010 | _a3208 | ||
| 011 | _a4180 | ||
| 035 | _a3382 | ||
| 040 | _cCHAP | ||
| 082 |
_a001.6424 _bM5 |
||
| 110 |
_aMicrosoft Corporation. _975540 |
||
| 245 |
_aMicrosoft GW-Basic interpreter _b: user's guide |
||
| 260 |
_aEUA : _bMicrosoft, _c1987 |
||
| 300 | _a274 p | ||
| 500 | _aD49-19 | ||
| 590 |
_aBATCH-UPD _b10 _c20130110 _lUCH01 _h1935 |
||
| 590 |
_aBATCH-UPD _b10 _c20130410 _lUCH01 _h1259 |
||
| 590 |
_aBATCH-UPD _b10 _c20130914 _lUCH01 _h1721 |
||
| 590 |
_aCONVERSION _b10 _c20130109 _lUCH01 _h1303 |
||
| 650 | 1 | 4 |
_aLenguajes de programación. _965989 |
| 901 | _aBK | ||
| 942 | _cLIBRO | ||
| 949 |
_a001.6424 M5 _bBC _cLIBRO _d33724000293395 _eLIBRO _h81532 _i3382 _mD _si |
||
| 999 |
_c3208 _d3208 |
||